[Event "Budapest FS10 FM-B"]
[Site "Budapest"]
[Date "2014.10.13"]
[Round "9"]
[White "Vasilev, Sergey"]
[Black "Onur, Cem"]
[Result "0-1"]
[WhiteElo "1533"]
[BlackElo "1690"]
[PlyCount "111"]
[EventDate "2014.10.04"]
[EventType "tourn"]
[EventRounds "9"]
[EventCountry "HUN"]
[SourceTitle "CBM 162 Extra"]
[Source "ChessBase"]
[SourceDate "2014.10.17"]
[SourceVersion "1"]
[SourceVersionDate "2014.10.17"]
[SourceQuality "1"]

1. b4 e5 2. Bb2 f6 3. e4 Bxb4 4. Bc4 Ne7 5. Ne2 d5 6. exd5 Nxd5 7. Nbc3 Be6 8. Bb3 0-0 9. Ng3 Bf7 10. Qg4 Nxc3 11. Nf5 g6 12. Nh6+ Kg7 13. Nxf7 Rxf7 14. dxc3 Bd6 15. Bxf7 Kxf7 16. 0-0 Nd7 17. Rfd1 Qe7 18. c4 f5 19. Qh3 Kg8 20. Rd3 Nc5 21. Re3 Ne4 22. Ba3 Bxa3 23. Rxa3 Qc5 24. Qe3 Qxc4 25. f3 f4 26. Qxe4 Qc5+ 27. Kh1 Qxa3 28. Qxb7 Qf8 29. Qxc7 Rc8 30. Qxa7 Rxc2 31. Rb1 e4 32. h3 e3 33. Rb8 Rc8 34. Rb2 Qc5 35. Qxc5 Rxc5 36. Rb1 Rc2 37. a4 Ra2 38. Kg1 Rxa4 39. Kf1 Ra2 40. Rb7 Ra1+ 41. Ke2 Rg1 42. g4 Rg2+ 43. Ke1 Rf2 44. h4 Rxf3 45. Rb4 Rf2 46. Re4 g5 47. hxg5 Kg7 48. Re5 Rg2 49. Kf1 Rxg4 50. Ke2 Rg2+ 51. Kf3 Rf2+ 52. Kg4 e2 53. Re6 f3 54. Re7+ Kf8 55. Kf5 Rh2 56. Ra7 0-1

[Event "Budapest FS10 FM-B"]
[Site "Budapest"]
[Date "2014.10.10"]
[Round "7"]
[White "Vasilev, Sergey"]
[Black "Szurkos, Andras"]
[Result "0-1"]
[WhiteElo "1533"]
[BlackElo "1707"]
[PlyCount "92"]
[EventDate "2014.10.04"]
[EventType "tourn"]
[EventRounds "9"]
[EventCountry "HUN"]
[SourceTitle "CBM 162 Extra"]
[Source "ChessBase"]
[SourceDate "2014.10.17"]
[SourceVersion "1"]
[SourceVersionDate "2014.10.17"]
[SourceQuality "1"]

1. b4 e6 2. Bb2 Nf6 3. a3 d5 4. e3 c5 5. c4 cxb4 6. axb4 Bxb4 7. Qa4+ Nc6 8. cxd5 exd5 9. Bb5 Be7 10. Bxc6+ bxc6 11. Qxc6+ Bd7 12. Qc1 0-0 13. Nf3 Bb5 14. Nd4 Qb6 15. Nxb5 Qxb5 16. Nc3 Qd3 17. Qb1 Qxb1+ 18. Rxb1 a5 19. 0-0 Rfb8 20. Ba1 Bb4 21. Rfd1 Kf8 22. f3 Ke7 23. Kf2 Ke6 24. Na4 g6 25. Bd4 Nd7 26. Ke2 Kd6 27. Bc3 Nc5 28. Bxb4 axb4 29. Nxc5 Kxc5 30. Rdc1+ Kd6 31. Rb3 Ra3 32. Rcb1 Rxb3 33. Rxb3 Kc5 34. d3 Ra8 35. Rb2 Ra1 36. Rc2+ Kb5 37. Rc7 Ra2+ 38. Kd1 Rxg2 39. Rc2 Rg1+ 40. Kd2 b3 41. Rc1 Rg2+ 42. Kc3 b2 43. Rb1 Rxh2 44. Rxb2+ Rxb2 45. Kxb2 h5 46. e4 h4 0-1

[Event "Budapest FS05 FM-B"]
[Site "Budapest"]
[Date "2014.05.12"]
[Round "9"]
[White "Szlenka, Attila"]
[Black "Vasilev, Sergey"]
[Result "1-0"]
[WhiteElo "1799"]
[BlackElo "1546"]
[PlyCount "55"]
[EventDate "2014.05.03"]
[EventType "tourn"]
[EventRounds "10"]
[EventCountry "HUN"]
[SourceTitle "CBM 160 Extra"]
[Source "ChessBase"]
[SourceDate "2014.07.01"]
[SourceVersion "1"]
[SourceVersionDate "2014.07.01"]
[SourceQuality "1"]

1. c4 Nc6 2. Nc3 g6 3. g3 Bg7 4. Bg2 Nf6 5. e3 d6 6. d4 0-0 7. Nge2 e5 8. 0-0 Bg4 9. h3 Bf5 10. g4 Bd7 11. f4 exd4 12. exd4 Re8 13. Bd2 Nxg4 14. hxg4 Bxg4 15. Bf3 Qh4 16. Be1 Qh5 17. Qd3 Qh3 18. a3 Re7 19. Nd5 Rxe2 20. Bxe2 Qh5 21. Bxg4 Qxg4+ 22. Qg3 Qe2 23. Bc3 Qxc4 24. Qg2 Re8 25. Rae1 Rxe1 26. Rxe1 Bxd4+ 27. Kh1 Bxc3 28. bxc3 1-0

[Event "Budapest FS05 FM-B"]
[Site "Budapest"]
[Date "2014.05.11"]
[Round "8"]
[White "Vasilev, Sergey"]
[Black "Koltai, Daniel"]
[Result "0-1"]
[WhiteElo "1546"]
[BlackElo "1626"]
[PlyCount "78"]
[EventDate "2014.05.03"]
[EventType "tourn"]
[EventRounds "10"]
[EventCountry "HUN"]
[SourceTitle "CBM 160 Extra"]
[Source "ChessBase"]
[SourceDate "2014.07.01"]
[SourceVersion "1"]
[SourceVersionDate "2014.07.01"]
[SourceQuality "1"]

1. b3 Nf6 2. Bb2 e6 3. e3 Be7 4. Nc3 d5 5. Nf3 0-0 6. h4 c5 7. Ne5 Nbd7 8. Ne2 Nxe5 9. Bxe5 Ne4 10. d3 Bf6 11. Bxf6 Nxf6 12. Qd2 b5 13. Nf4 Ba6 14. Be2 Qd6 15. 0-0 Rfd8 16. Bf3 Rac8 17. Ne2 c4 18. Rfc1 cxd3 19. cxd3 h6 20. b4 Rd7 21. Rxc8+ Bxc8 22. Rc1 Rc7 23. Rxc7 Qxc7 24. Qc3 Qxc3 25. Nxc3 Bd7 26. d4 Kf8 27. Kf1 Ke7 28. Be2 a6 29. f3 Kd6 30. f4 Ne8 31. g4 Nc7 32. a3 f6 33. Ke1 Na8 34. e4 Nb6 35. e5+ Ke7 36. h5 Bc6 37. a4 Nxa4 38. Nxa4 bxa4 39. Bxa6 a3 0-1

[Event "Budapest FS05 FM-B"]
[Site "Budapest"]
[Date "2014.05.09"]
[Round "6"]
[White "Vasilev, Sergey"]
[Black "Bacsi, Andras"]
[Result "1/2-1/2"]
[WhiteElo "1546"]
[BlackElo "1794"]
[PlyCount "81"]
[EventDate "2014.05.03"]
[EventType "tourn"]
[EventRounds "10"]
[EventCountry "HUN"]
[SourceTitle "CBM 160 Extra"]
[Source "ChessBase"]
[SourceDate "2014.07.01"]
[SourceVersion "1"]
[SourceVersionDate "2014.07.01"]
[SourceQuality "1"]

1. b3 e5 2. Bb2 Nc6 3. e3 d5 4. Bb5 Bd6 5. f4 Qe7 6. Nf3 Bg4 7. fxe5 Bxe5 8. Bxe5 Bxf3 9. Qxf3 Qxe5 10. d4 Qe6 11. 0-0 Nf6 12. Nd2 0-0 13. a3 a6 14. Bd3 Rae8 15. Rae1 Qd6 16. Qh3 g6 17. Qh4 Nh5 18. c4 Qe7 19. Qf2 dxc4 20. Bxc4 Nd8 21. a4 Kg7 22. e4 h6 23. e5 f5 24. exf6+ Qxf6 25. Qxf6+ Nxf6 26. d5 a5 27. Nf3 Rxe1 28. Rxe1 Re8 29. Rd1 Ne4 30. Nd4 Re7 31. Nb5 Nd6 32. Nxd6 cxd6 33. Rf1 Nf7 34. Rf3 Ne5 35. Re3 g5 36. g4 Rc7 37. Re4 Rf7 38. Kg2 Rf4 39. Rxf4 gxf4 40. Be2 Kg6 41. h4 1/2-1/2

[Event "Budapest FS06 FM-B"]
[Site "Budapest"]
[Date "2013.06.04"]
[Round "4"]
[White "Vasilev, Sergey"]
[Black "Marcu, Simon"]
[Result "0-1"]
[WhiteElo "1521"]
[BlackElo "1879"]
[PlyCount "56"]
[EventDate "2013.06.01"]
[EventType "tourn"]
[EventRounds "11"]
[EventCountry "HUN"]
[SourceTitle "CBM 154 Extra"]
[Source "ChessBase"]
[SourceDate "2013.06.25"]
[SourceVersion "2"]
[SourceVersionDate "2013.06.25"]
[SourceQuality "1"]

1. Nf3 d5 2. b4 Nd7 3. Bb2 Ngf6 4. e3 c6 5. c4 e6 6. a3 Bd6 7. Nc3 e5 8. cxd5 cxd5 9. Bb5 0-0 10. d3 Nb6 11. Na4 Nxa4 12. Bxa4 Qe7 13. 0-0 Bg4 14. h3 Bh5 15. e4 dxe4 16. dxe4 Nxe4 17. Re1 Ng5 18. g4 Nxh3+ 19. Kf1 Bxg4 20. Qd3 Nf4 21. Qe4 Bh3+ 22. Kg1 Qf6 23. Bxe5 Bxe5 24. Qxe5 Ne2+ 25. Rxe2 Qxf3 26. Qe4 Qf6 27. Qxb7 Qxa1+ 28. Kh2 Be6 0-1

[Event "Budapest FS07 FM-B"]
[Site "Budapest"]
[Date "2011.07.04"]
[Round "3.3"]
[White "Vasilev, Sergey"]
[Black "Balla, Attila"]
[Result "0-1"]
[WhiteElo "1421"]
[BlackElo "1722"]
[PlyCount "69"]
[EventDate "2011.07.02"]
[EventType "tourn"]
[EventRounds "10"]
[EventCountry "HUN"]
[SourceTitle "CBM 143 Extra"]
[Source "ChessBase"]
[SourceDate "2011.08.29"]
[SourceVersion "1"]
[SourceVersionDate "2011.08.29"]
[SourceQuality "1"]

1. Nf3 Nf6 2. d3 d5 3. b3 Bf5 4. Ne5 e6 5. Bb2 Bb4+ 6. Nd2 c5 7. e3 b5 8. g4 c4 9. c3 Bd6 10. Nxf7 Kxf7 11. gxf5 exf5 12. bxc4 dxc4 13. Bg2 Nbd7 14. Bxa8 Qxa8 15. Qf3 Ne5 16. Qxa8 Nxd3+ 17. Ke2 Rxa8 18. Rab1 Nd5 19. h4 Be5 20. Ba1 a6 21. e4 Nxc3+ 22. Bxc3 Bxc3 23. f3 Rd8 24. Nxc4 bxc4 25. Rb7+ Kf8 26. Rc7 Nf4+ 27. Ke3 Bd2+ 28. Kf2 c3 29. exf5 Re8 30. h5 Nd3+ 31. Kg3 Be1+ 32. Rxe1 Nxe1 33. Rxc3 Re2 34. Ra3 Nc2 35. Rxa6 0-1